Normal view
MARC view
- Engineering Div P.H.S & B.W.C
Entry Corporate Name
001 - CONTROL NUMBER
- control field: 42269
003 - CONTROL NUMBER IDENTIFIER
- control field: NUST
005 - DATE AND TIME OF LATEST TRANSACTION
- control field: 20210314132242.0
008 - FIXED-LENGTH DATA ELEMENTS
- fixed length control field: 210314|| aca||aabn | a|a d
040 ## - CATALOGING SOURCE
- Original cataloging agency: NUST
- Transcribing agency: NUST
110 ## - HEADING--CORPORATE NAME
- Corporate name or jurisdiction name as entry element: Engineering Div P.H.S & B.W.C
670 ## - SOURCE DATA FOUND
- Source citation: Work cat.: (NUST): Engineering Div P.H.S & B.W.C, Proceedings of the institution of civil engineering /, 1952.
